000 00479nam a2200169Ia 4500
008 221030s9999 xx 000 0 und d
020 _a8185099154
041 _aEnglish
082 _a105.23
_bCho
100 _aS. K. H. Choudhary
245 0 _aElements of Workshop Tecnology Vol. II Machine Tools
_cby S. K. H. Choudhary, A. K. H. Choudhury
260 _bMedia Promoters
_aMumbai
_c1997
300 _a688
650 _aMechanical
700 _aA. K. H. Choudhury
942 _cBK
999 _c8148
_d8148